[Event "Let's Play Chess!"]
[Site "http://www.queenalice.com/game.php?id=1054727"]
[Date "2012.5.1"]
[Round "-"]
[White "artkrup"]
[Black "kisses"]
[Result "0-1"]
[WhiteElo "1531"]
[BlackElo "1611"]

1. e4 d6 2. d4 b6 3. d5 Nf6 4. Bc4 Nxe4 5. Qf3 Nf6 6. Bg5 Bd7 7. Bxf6 exf6 8.
Nh3 b5 9. Bb3 Qe7+ 10. Qe2 Qe5 11. Nc3 b4 12. Qxe5+ fxe5 13. Ne4 h6 14. O-O-O a5
15. a4 Be7 16. c3 O-O 17. f4 exf4 18. Rhf1 g5 19. Rde1 bxc3 20. bxc3 Na6 21.
Nhf2 Rab8 22. Nd2 Bf6 23. Nd3 Bxc3 24. Re2 Nb4 25. Nxb4 Rxb4 26. Ne4 Rxb3 27.
Nf6+ Bxf6 28. g3 f3 29. Rc2 Rc8 30. Rff2 Bd4 31. Rf1 Be3+ 32. Kd1 Rb1+ 0-1

[Event "Let's Play Chess!"]
[Site "http://www.queenalice.com/game.php?id=1055604"]
[Date "2012.5.4"]
[Round "-"]
[White "FerreiraAzevedo"]
[Black "kisses"]
[Result "1-0"]
[WhiteElo "2621"]
[BlackElo "1613"]

1. d4 d5 2. Nc3 e6 3. e4 c6 4. Nf3 dxe4 5. Nxe4 Be7 6. Bd3 b6 7. O-O Na6 8. Ne5
Bb7 9. Qf3 Bf6 10. Nxc6 Bxc6 11. Nxf6+ 1-0

[Event "Let's Play Chess!"]
[Site "http://www.queenalice.com/game.php?id=1062502"]
[Date "2012.5.22"]
[Round "-"]
[White "FerreiraAzevedo"]
[Black "kisses"]
[Result "1-0"]
[WhiteElo "2683"]
[BlackElo "1613"]

1. e4 d6 2. d4 c6 3. Nf3 e6 4. Bd3 Nd7 5. O-O Be7 6. e5 Qc7 7. Bf4 Qa5 8. exd6
Bf6 9. Nbd2 Ne7 10. Nc4 Qa4 11. dxe7 Bxe7 12. b3 Qb4 13. Bd2 1-0

[Event "Juguemos ajedrez!"]
[Site "http://www.queenalice.com/game.php?id=1072320"]
[Date "2012.6.15"]
[Round "-"]
[White "Piazzolero"]
[Black "kisses"]
[Result "1-0"]
[WhiteElo "1541"]
[BlackElo "1686"]

1. c4 d6 2. d3 Bd7 3. Qb3 Qc8 4. Nf3 e6 5. Be3 Na6 6. d4 Be7 7. Bg5 h6 8. Bh4 c5
9. dxc5 Nxc5 10. Qc3 Bf6 11. Bxf6 Nxf6 12. b3 Nfe4 13. Qxg7 Ke7 14. Nh4 Qg8 15.
Qd4 Qg5 16. g3 Qc1+ 17. Qd1 Qb2 18. f3 Qxa1 19. fxe4 Qxa2 20. b4 Nxe4 21. Nd2
Nc3 22. Qc1 Na4 23. c5 Qd5 24. Rg1 dxc5 25. Bg2 Qe5 26. bxc5 Nc3 27. Bf1 Bb5 28.
Rg2 Rhg8 29. Nhf3 Qxc5 30. Nb3 Qb4 31. Qc2 Ne4+ 32. Nbd2 Rgc8 33. Qxe4 Rc1+ 34.
Kf2 Qc5+ 35. e3 Bc6 36. Qh4+ Kd7 37. Qxh6 Bxf3 38. Nxf3 Qc2+ 39. Kg1 Qe4 40. Ng5
Qxe3+ 41. Rf2 Rac8 42. Nxf7 Qb6 43. Ne5+ Kd6 44. Nd3 Rxf1+ 45. Kxf1 Qb1+ 46. Ke2
Qa2+ 47. Ke3 Qa5 48. Qf4+ e5 49. Qf6+ Kd7 50. Nxe5+ 1-0

[Event "Let's Play Chess!"]
[Site "http://www.queenalice.com/game.php?id=1077592"]
[Date "2012.6.30"]
[Round "-"]
[White "kisses"]
[Black "skorpion"]
[Result "0-1"]
[WhiteElo "1634"]
[BlackElo "2774"]

1. e4 d6 2. Bb5+ c6 3. Bc4 d5 4. exd5 cxd5 5. Bb5+ Bd7 6. Qe2 e6 7. Nf3 Nc6 8.
c3 Bd6 9. d4 Nge7 10. Ne5 a6 11. Ba4 Nxe5 12. dxe5 Bxa4 13. exd6 Qxd6 14. Qg4
Bc2 15. Qxg7 Rg8 16. Qd4 e5 17. Qd2 Qg6 18. Na3 Qxg2 19. Rf1 Be4 20. c4 Bf3 21.
cxd5 Rg4 22. Nc2 Re4+ 23. Ne3 Nxd5 24. Qxd5 Rxe3+ 25. Bxe3 Bxd5 26. O-O-O Rc8+
27. Kb1 Qe4+ 28. Ka1 Qc4 29. b3 Qc3+ 0-1

[Event "Let's Play Chess!"]
[Site "http://www.queenalice.com/game.php?id=1077598"]
[Date "2012.6.30"]
[Round "-"]
[White "skorpion"]
[Black "kisses"]
[Result "1-0"]
[WhiteElo "2772"]
[BlackElo "1636"]

1. e4 e5 2. f4 exf4 3. Nf3 d6 4. d4 a6 5. Bxf4 Be7 6. Nc3 Bd7 7. Bc4 Be6 8. Bxe6
fxe6 9. O-O Bf6 10. Qe1 Nc6 11. e5 dxe5 12. dxe5 Be7 13. Rd1 Bc5+ 14. Kh1 Nd4
15. Qe4 Qe7 16. Bg5 Qf7 17. Qxb7 Ra7 18. Qc8# 1-0

[Event "AUTO-INT-2384"]
[Site "http://www.queenalice.com/game.php?id=1083365"]
[Date "2012.7.16"]
[Round "1"]
[White "teferi"]
[Black "kisses"]
[Result "1/2-1/2"]
[WhiteElo "1603"]
[BlackElo "1647"]

1. d4 d5 2. e4 dxe4 3. Nc3 Nf6 4. f3 exf3 5. Nxf3 c6 6. a3 Nd5 7. Nxd5 cxd5 8.
Bb5+ Bd7 9. Bxd7+ Nxd7 10. O-O e6 11. Ng5 Nf6 12. c3 b5 13. b4 Be7 14. Qf3 h6
15. Nxf7 Kxf7 16. Qh5+ Kg8 17. Qg6 Qf8 18. a4 bxa4 19. Rxa4 a5 20. bxa5 Qe8 21.
Qxe8+ Nxe8 22. a6 Ra7 23. Ba3 Bxa3 24. Rxa3 Nc7 25. Rb1 Nxa6 26. Rb6 Kf7 27.
Raxa6 Rxa6 28. Rxa6 Rc8 29. Ra3 Kf6 30. Kf2 Kf5 31. Kf3 g5 32. g4+ Kg6 33. Kg3
h5 34. h4 hxg4 35. Kxg4 1/2-1/2

[Event "AUTO-INT-2384"]
[Site "http://www.queenalice.com/game.php?id=1083366"]
[Date "2012.7.16"]
[Round "1"]
[White "kisses"]
[Black "teferi"]
[Result "1-0"]
[WhiteElo "1632"]
[BlackElo "1612"]

1. e4 e6 2. d4 c5 3. Be3 cxd4 4. Bxd4 Nc6 5. Bc3 f5 6. exf5 exf5 7. Qh5+ g6 8.
Qe2+ Nge7 9. Bxh8 b6 10. Nf3 Nb4 11. Qc4 Nbd5 12. Nc3 Bh6 13. Nxd5 Nxd5 14. Qxd5
Qe7+ 15. Be5 Qb4+ 16. Bc3 Qf4 17. Qg8+ Ke7 18. Qxh7+ Kd8 19. Qg8+ Ke7 20. Qxg6
d5 21. Qf6+ Kd7 22. Ne5+ Kc7 23. Qf7+ Kd6 24. Qf6+ Be6 25. Nf7+ Kd7 26. Bb5+ Kc7
27. Be5+ Qxe5+ 28. Qxe5+ 1-0

[Event "AUTO-INT-2384"]
[Site "http://www.queenalice.com/game.php?id=1083379"]
[Date "2012.7.16"]
[Round "1"]
[White "vinoseco"]
[Black "kisses"]
[Result "0-1"]
[WhiteElo "1590"]
[BlackElo "1658"]

1. e4 d6 2. Bc4 e6 3. Bb5+ c6 4. Bd3 Be7 5. b4 Bf6 6. c3 Ne7 7. b5 c5 8. f4 Nd7
9. a4 Ng6 10. e5 Bh4+ 11. g3 Be7 12. exd6 Bxd6 13. Bxg6 hxg6 14. Nf3 b6 15. Bb2
c4 16. Qe2 Qc7 17. d3 cxd3 18. Qxd3 Nf6 19. c4 Bc5 20. Be5 Bb4+ 21. Kf1 Qe7 22.
Kg2 Bb7 23. Rd1 Be4 24. Qd4 Bc5 25. Bxf6 Bxd4 26. Bxe7 Bxa1 27. Nd2 Bxf3+ 28.
Kxf3 Kxe7 29. Rxa1 Rad8 30. Ne4 Rd3+ 31. Ke2 Rhd8 32. c5 Rb3 33. Nd2 Rb2 34. Rd1
bxc5 35. Ke3 Rd4 36. a5 Rxb5 37. Ra1 a6 38. Rb1 Rxa5 39. Nb3 Ra3 40. Kf2 Rb4 41.
Nd2 Rxb1 42. Nxb1 Ra2+ 43. Kf3 Rxh2 44. Nc3 f5 45. Ne2 a5 46. Nc3 Rb2 47. Na4
Rb3+ 48. Kf2 c4 49. Ke2 Kd6 50. Kd2 Rb4 51. Nc3 Kc5 52. Kc2 a4 53. Na2 Rb3 54.
Nc1 Rxg3 55. Ne2 Rg2 56. Kd2 a3 57. Ke1 Rxe2+ 58. Kxe2 a2 0-1

[Event "AUTO-INT-2384"]
[Site "http://www.queenalice.com/game.php?id=1083380"]
[Date "2012.7.16"]
[Round "1"]
[White "kisses"]
[Black "vinoseco"]
[Result "1-0"]
[WhiteElo "1645"]
[BlackElo "1567"]

1. e4 e5 2. Nf3 d6 3. Bc4 Bg4 4. h3 Bxf3 5. Qxf3 Qe7 6. Bd5 c6 7. Bb3 b6 8. d3
c5 9. Bd5 Qf6 10. Qxf6 gxf6 11. Bxa8 Ne7 12. Nc3 Na6 13. Nd5 Bg7 14. a3 Kd7 15.
Nxe7 Kxe7 16. Bb7 Nc7 17. Bc6 Ne6 18. c3 Nd8 19. Bd5 h5 20. Be3 h4 21. b4 Rg8
22. O-O Bf8 23. bxc5 dxc5 24. d4 exd4 25. cxd4 c4 26. Bxc4 Nc6 27. Bd5 Na5 28.
Rac1 Bg7 29. Rc7+ Kd6 30. Rxa7 Rc8 31. Rxf7 Bh8 32. Bf4# 1-0

[Event "AUTO-INT-2384"]
[Site "http://www.queenalice.com/game.php?id=1083389"]
[Date "2012.7.16"]
[Round "1"]
[White "kisses"]
[Black "SunKite"]
[Result "1-0"]
[WhiteElo "1683"]
[BlackElo "1568"]

1. e4 e5 2. Nf3 Qf6 3. d3 c5 4. Bd2 b5 5. Nc3 Ne7 6. Nxb5 Na6 7. Bc3 d6 8. Ba5
Nc6 9. Bd2 h6 10. Qe2 Nd4 11. Nfxd4 cxd4 12. Ba5 Be7 13. Nc7+ Nxc7 14. Bxc7 g5
15. Qf3 Kd7 16. Ba5 Bb7 17. Qg4+ Qe6 18. Qh5 Bd8 19. Bb4 a5 20. Ba3 a4 21. Be2
Ba5+ 22. c3 dxc3 23. Bg4 Ba6 24. Bxe6+ Kxe6 25. Qg4+ Ke7 26. b4 Bb6 27. Ke2 c2
28. Kd2 Rac8 29. Rac1 Bxf2 30. Rhf1 Bd4 31. Qf5 Rhf8 32. Qf6+ Ke8 33. Qxd6 Bb5
34. Qd5 Bc6 35. Qa5 Ra8 36. Qc7 Bb5 37. Qb7 Ra6 38. Qxb5+ Ke7 39. Qxa6 Rd8 40.
b5+ Ke8 41. Rxc2 Bb6 42. Qxb6 1-0

[Event "AUTO-INT-2384"]
[Site "http://www.queenalice.com/game.php?id=1083390"]
[Date "2012.7.16"]
[Round "1"]
[White "SunKite"]
[Black "kisses"]
[Result "0-1"]
[WhiteElo "1580"]
[BlackElo "1671"]

1. e4 d6 2. Qf3 Nf6 3. g4 Nxg4 4. h3 Ne5 5. Qf4 Bd7 6. Bc4 Nxc4 7. b3 Ne5 8. d4
Ng6 9. Qf3 Nc6 10. Ne2 e6 11. h4 Nxh4 12. Qg3 Nb4 13. Kd2 Be7 14. a3 Nc6 15. b4
Ng6 16. c4 Bh4 17. Qg4 Bxf2 18. Qf3 Bxd4 19. Nxd4 Nxd4 20. Qe3 Nc6 21. b5 Nce5
22. a4 Nxc4+ 23. Ke2 Nxe3 24. Bxe3 Qf6 25. Ra3 Nh4 26. Nd2 e5 27. Rf1 Bg4+ 28.
Kd3 Nf3 29. Raa1 Rd8 30. Rf2 d5 31. Rg2 dxe4+ 32. Kc2 Bf5 33. Rd1 Nd4+ 34. Kc3
Nf3 35. Rf2 Rd3+ 36. Kc2 Rxe3 37. Nc4 Nd4+ 38. Kd2 Rd3+ 39. Kc1 Qg5+ 40. Nd2 Qe3
41. Rxf5 Nxf5 42. Kc2 Nd4+ 43. Kc1 Rc3+ 0-1

[Event "AUTO-INT-2384"]
[Site "http://www.queenalice.com/game.php?id=1098182"]
[Date "2012.8.31"]
[Round "2"]
[White "bdpq"]
[Black "kisses"]
[Result "1-0"]
[WhiteElo "1617"]
[BlackElo "1706"]

1. e4 e5 2. d3 Be7 3. Nf3 Nc6 4. Be2 d6 5. O-O Nf6 6. Bg5 Nd4 7. Nxd4 exd4 8.
Bf3 c5 9. Na3 a6 10. Nc4 O-O 11. a4 Nd7 12. Bxe7 Qxe7 13. Bh5 Ne5 14. Nb6 Rb8
15. f4 Ng4 16. Bxg4 Bxg4 17. Qxg4 Rbd8 18. f5 f6 19. Rf3 Qc7 20. a5 Qc6 21. Rg3
Rf7 22. Nd5 Rdd7 23. Rh3 Qb5 24. b3 c4 25. bxc4 Qb2 26. Qd1 Rd8 27. Nf4 Qb4 28.
Rb1 Qxa5 29. Ra1 Qb6 30. Qh5 h6 31. Ng6 Qb2 32. Qd1 Rc8 33. Ra5 Rc6 34. Qd2 Kh7
35. Qd1 Rb6 36. Ra1 Qb4 37. Nf4 a5 38. Nd5 Qc5 39. Nxb6 Qxb6 40. Rb1 Qa6 41. Qg4
Rf8 42. Qg6+ Kh8 43. Rf1 Qb6 44. Rh5 a4 45. h3 a3 46. Kh2 a2 47. Rxh6+ gxh6 48.
Rf3 Qc7 49. Qxh6+ Kg8 50. Rg3+ Kf7 51. Rg7+ Ke8 52. Rxc7 1-0

[Event "AUTO-INT-2384"]
[Site "http://www.queenalice.com/game.php?id=1098183"]
[Date "2012.8.31"]
[Round "2"]
[White "kisses"]
[Black "bdpq"]
[Result "1-0"]
[WhiteElo "1694"]
[BlackElo "1592"]

1. e4 d5 2. e5 e6 3. Nc3 Nc6 4. Nf3 Bd7 5. d4 Qe7 6. Nb5 Qb4+ 7. c3 Qe7 8. Nxc7+
Kd8 9. Nxa8 g5 10. Bxg5 f6 11. exf6 Nxf6 12. Ne5 Rg8 13. h4 h6 14. Bf4 Nxe5 15.
Bxe5 Bc6 16. Qf3 Ne4 17. Bd3 b6 18. Bxe4 Bg7 19. Bc7+ Kc8 20. Bd3 Bxa8 21. Bf4
Rf8 22. g3 Qd7 23. O-O Bf6 24. Ba6+ Bb7 25. Qe2 Rg8 26. Bxb7+ Kxb7 27. Bxh6 Bxh4
28. Qe5 Qe7 29. Bf4 Bf6 30. Qd6 Qf7 31. Rae1 Rd8 32. Qxe6 Qxe6 33. Rxe6 Bh8 34.
Re7+ Ka6 35. b4 Bf6 36. Rf7 Bh8 37. a4 Rc8 38. Rc1 Rg8 39. b5+ Ka5 40. Rxa7# 1-0

[Event "Challenge"]
[Site "http://www.queenalice.com/game.php?id=1105504"]
[Date "2012.9.22"]
[Round "-"]
[White "bumpywater"]
[Black "kisses"]
[Result "1-0"]
[WhiteElo "1802"]
[BlackElo "1648"]

1. e4 d6 2. d4 c6 3. Nc3 e6 4. Nf3 Be7 5. a3 Nf6 6. h3 Qa5 7. b4 Qd8 8. Bg5 Nfd7
9. Bxe7 Qxe7 10. Bc4 Nf6 11. e5 Nfd7 12. exd6 Qxd6 13. O-O Nb6 14. Bb3 Qf4 15.
Ne2 Qf6 16. Ne5 Nd5 17. Bxd5 exd5 18. c4 Nd7 19. Ng4 Qg5 20. cxd5 Qxd5 21. Re1
O-O 22. Qd3 Qh5 23. Qg3 Nb6 24. Nf4 Qg5 25. Re5 Qd8 26. Rc1 Bxg4 27. Qxg4 Qxd4
28. Rg5 Qb2 29. Rxg7+ Qxg7 30. Qf3 Rad8 31. Nh5 Qg5 32. Rc5 Rd5 33. Nf6+ Kh8 34.
Nxd5 Nxd5 35. b5 Qe7 36. Rc2 Re8 37. bxc6 bxc6 38. Rxc6 Qd7 39. Rc5 Re1+ 40. Kh2
Qd6+ 41. g3 Qxc5 42. Qxf7 Re2 43. Kg2 Ne7 44. Qf8+ 1-0

[Event "Challenge"]
[Site "http://www.queenalice.com/game.php?id=1108451"]
[Date "2012.10.1"]
[Round "-"]
[White "pablonet"]
[Black "kisses"]
[Result "1-0"]
[WhiteElo "1655"]
[BlackElo "1664"]

1. e4 d6 2. d4 c6 3. Nf3 e6 4. Nc3 Be7 5. Bf4 Nf6 6. h3 Nh5 7. Be3 Nd7 8. Bc4
Nb6 9. Bb3 Bd7 10. O-O Rc8 11. a4 a5 12. Bd2 c5 13. Nb5 cxd4 14. Bxa5 Bxb5 15.
axb5 Bf6 16. Nxd4 Nf4 17. Ne2 Nxe2+ 18. Qxe2 Bxb2 19. Rad1 Ra8 20. Bb4 Be5 21.
f4 Bf6 22. e5 Nd5 23. Bxd5 exd5 24. exf6+ Kd7 25. Rxd5 Qb8 26. Qg4+ Kd8 27.
Rxd6+ 1-0

[Event "Let's Play Chess!"]
[Site "http://www.queenalice.com/game.php?id=1130809"]
[Date "2012.12.13"]
[Round "-"]
[White "kisses"]
[Black "sasosaso"]
[Result "0-1"]
[WhiteElo "1625"]
[BlackElo "1742"]

1. e4 c5 2. d4 cxd4 3. Qxd4 Nc6 4. Qd2 e5 5. Nf3 Nf6 6. Nc3 Bb4 7. Qe3 d5 8. a3
d4 9. Qd3 Qa5 10. Be2 dxc3 11. O-O O-O 12. Qb5 Nxe4 13. Qxa5 Bxa5 14. Bd3 Nc5
15. Bc4 e4 16. Ne1 cxb2 17. Bxb2 Rd8 18. g3 Bh3 19. Ng2 Rd2 20. Rfc1 Na4 21.
Rab1 Nxb2 22. Rxb2 Ne5 23. Bf1 Nf3+ 24. Kh1 Rxf2 25. Rb5 e3 26. Rb3 Be1 27. Rxe3
Rxf1# 0-1

[Event "Let's Play Chess!"]
[Site "http://www.queenalice.com/game.php?id=1130810"]
[Date "2012.12.13"]
[Round "-"]
[White "sasosaso"]
[Black "kisses"]
[Result "1-0"]
[WhiteElo "1720"]
[BlackElo "1625"]

1. e4 Nc6 2. Nf3 d6 3. d4 e6 4. Nc3 Be7 5. d5 exd5 6. exd5 Ne5 7. Bb5+ c6 8.
dxc6 Nxf3+ 9. Qxf3 bxc6 10. Bxc6+ Bd7 11. Bxa8 Nf6 12. Nd5 Bg4 13. Nxf6+ Bxf6
14. Qxg4 Qxa8 15. Qe2+ Kd7 16. O-O Be5 17. Bf4 Bxf4 18. Qg4+ Kc7 19. Qxf4 Qd5
20. Rad1 Qe6 21. Rfe1 Qd7 22. Rxd6 Qxd6 23. Re7+ Kc6 24. Qa4+ Kc5 25. Qa5+ Kd4
26. Re3 Qb6 27. Qe5+ 1-0